|
|
|
|
| LEADER |
00000nam a22000007a 4500 |
| 005 |
20120618153220.0 |
| 007 |
cr|||| |||| |
| 008 |
120618s2006 pe |||||s|||| 00||0 spa d |
| 020 |
|
|
|a 9972-224-31-7
|
| 035 |
|
|
|a 6417
|
| 040 |
|
|
|a vLex
|
| 090 |
|
|
|c 3185
|d 3185
|
| 100 |
1 |
|
|a Arce Ortiz, Elmer Guillermo
|
| 245 |
1 |
0 |
|a Subcontratacin̤ entre empresas y relacin̤ de trabajo en el Per ︢
|h [Recurso electrn̤ico] /
|c Elmer Guillermo Arce Ortiz
|
| 256 |
|
|
|a Servicio en ln̕ea
|
| 260 |
|
|
|a Lima :
|b Editorial Palestra,
|c 2006
|
| 300 |
|
|
|a 1 recurso electrn̤ico
|
| 506 |
1 |
|
|a Contenido solo disponible en los productos indicados
|d vLex Global
|d vLex Global (Academic Edition, excluding Law Schools)
|d vLex Global (U.S. Academic Edition, Law Schools)
|d vLex Global (U.S. Academic Edition, excluding Law Schools)
|d vLex Global (Academic Edition, Law Schools)
|
| 650 |
|
|
|a Subcontratacin̤
|z Per︢
|
| 740 |
0 |
|
|a vLex Libros (Servicio en ln̕ea)
|
| 856 |
4 |
0 |
|u http://vlex.com/source/subcontratacion-empresas-relacion-trabajo-peru-6417
|z Acceso restringido
|
| 942 |
|
|
|c BOOK
|
| 999 |
0 |
|
|a Subcontracting
|